000
00337nam a2200145Ia 4500
008
191201s1999 xx 000 0 und d
082
_a
677.022
_b
KHE
100
_a
KHARE, A R
245
0
_a
Elements of Combing
250
_a
1st
260
_a
N.Delhi
_b
Sai Book Centure
_c
1999
300
_a
203
650
_a
B.Tech(TE)
942
_2
ddc
_c
BK
999
_c
2621
_d
2621